Hai số phận Tiểu thuyết T.1
.
Đã lưu trong:
| Tác giả chính: | |
|---|---|
| Định dạng: | Sách |
| Năm xuất bản: |
H.
Phụ nữ
1996
|
| Chủ đề: | |
| Tags: |
Thêm thẻ
Không có thẻ, Hãy là người đầu tiên gắn thẻ bản ghi này!
|
| LEADER | 00810nam a2200181 4500 | ||
|---|---|---|---|
| 082 | |a 813 |b A 100 R | ||
| 100 | |a Archer, Jeffrey | ||
| 245 | |a Hai số phận |b Tiểu thuyết |c Jeffrey Archer; Anh Thư dịch |n T.1 | ||
| 260 | |a H. |b Phụ nữ |c 1996 | ||
| 300 | |a 400 tr. |c 19 cm | ||
| 520 | |a . | ||
| 653 | |a Văn học hiện đại | ||
| 653 | |a Mỹ | ||
| 653 | |a Tiểu thuyết | ||
| 942 | |2 ddc |c STK0 | ||
| 999 | |c 5320 |d 5320 | ||
| 952 | |0 0 |1 0 |2 ddc |4 0 |6 813_000000000000000_A_100_R |7 0 |8 800 |9 50976 |a qbu |b qbu |c D5 |d 2014-12-22 |g 60000 |l 1 |m 1 |o 813 A 100 R |p 419.C1 |r 2017-11-09 |s 2017-11-03 |w 2014-12-22 |y STK0 |0 0 |6 813_A_100000000000000_R | ||
| 952 | |0 0 |1 0 |2 ddc |4 0 |6 813_000000000000000_A_100_R |7 0 |8 800 |9 50977 |a qbu |b qbu |c D5 |d 2014-12-22 |g 60000 |l 1 |o 813 A 100 R |p 419.C2 |r 2017-11-15 |s 2017-11-03 |w 2014-12-22 |y STK0 |0 0 |6 813_A_100000000000000_R | ||